|
|
|
|
| LEADER |
03737nam a2200625 4500 |
| 001 |
978-3-030-05288-1 |
| 003 |
DE-He213 |
| 005 |
20191027121454.0 |
| 007 |
cr nn 008mamaa |
| 008 |
181121s2018 gw | s |||| 0|eng d |
| 020 |
|
|
|a 9783030052881
|9 978-3-030-05288-1
|
| 024 |
7 |
|
|a 10.1007/978-3-030-05288-1
|2 doi
|
| 040 |
|
|
|d GrThAP
|
| 050 |
|
4 |
|a TA1630-1650
|
| 072 |
|
7 |
|a UYT
|2 bicssc
|
| 072 |
|
7 |
|a COM012000
|2 bisacsh
|
| 072 |
|
7 |
|a UYT
|2 thema
|
| 072 |
|
7 |
|a UYQV
|2 thema
|
| 082 |
0 |
4 |
|a 006.6
|2 23
|
| 082 |
0 |
4 |
|a 006.37
|2 23
|
| 245 |
1 |
0 |
|a Combinatorial Image Analysis
|h [electronic resource] :
|b 19th International Workshop, IWCIA 2018, Porto, Portugal, November 22-24, 2018, Proceedings /
|c edited by Reneta P. Barneva, Valentin E. Brimkov, João Manuel R.S. Tavares.
|
| 250 |
|
|
|a 1st ed. 2018.
|
| 264 |
|
1 |
|a Cham :
|b Springer International Publishing :
|b Imprint: Springer,
|c 2018.
|
| 300 |
|
|
|a XII, 237 p. 117 illus., 61 illus. in color.
|b online resource.
|
| 336 |
|
|
|a text
|b txt
|2 rdacontent
|
| 337 |
|
|
|a computer
|b c
|2 rdamedia
|
| 338 |
|
|
|a online resource
|b cr
|2 rdacarrier
|
| 347 |
|
|
|a text file
|b PDF
|2 rda
|
| 490 |
1 |
|
|a Computer Communication Networks and Telecommunications ;
|v 11255
|
| 520 |
|
|
|a This book constitutes the refereed proceedings of the 19th International Workshop on Combinatorial Image Analysis, IWCIA 2018, held in Porto, Portugal, in November 2018. The 18 revised full papers presented were carefully reviewed and selected from 32 submissions. The papers are grouped into two sections. The first one includes nine papers devoted to theoretical foundations of combinatorial image analysis, including digital geometry and topology, array grammars, tilings and patterns, discrete geometry in non-rectangular grids, and other technical tools for image analysis. The second part includes nine papers presenting application-driven research on topics such as discrete tomography, image segmentation, texture analysis, and medical imaging.
|
| 650 |
|
0 |
|a Optical data processing.
|
| 650 |
|
0 |
|a Computer graphics.
|
| 650 |
|
0 |
|a Software engineering.
|
| 650 |
|
0 |
|a Health informatics.
|
| 650 |
|
0 |
|a Management information systems.
|
| 650 |
|
0 |
|a Computer science.
|
| 650 |
|
0 |
|a Special purpose computers.
|
| 650 |
1 |
4 |
|a Image Processing and Computer Vision.
|0 http://scigraph.springernature.com/things/product-market-codes/I22021
|
| 650 |
2 |
4 |
|a Computer Graphics.
|0 http://scigraph.springernature.com/things/product-market-codes/I22013
|
| 650 |
2 |
4 |
|a Software Engineering.
|0 http://scigraph.springernature.com/things/product-market-codes/I14029
|
| 650 |
2 |
4 |
|a Health Informatics.
|0 http://scigraph.springernature.com/things/product-market-codes/I23060
|
| 650 |
2 |
4 |
|a Management of Computing and Information Systems.
|0 http://scigraph.springernature.com/things/product-market-codes/I24067
|
| 650 |
2 |
4 |
|a Special Purpose and Application-Based Systems.
|0 http://scigraph.springernature.com/things/product-market-codes/I13030
|
| 700 |
1 |
|
|a Barneva, Reneta P.
|e editor.
|4 edt
|4 http://id.loc.gov/vocabulary/relators/edt
|
| 700 |
1 |
|
|a Brimkov, Valentin E.
|e editor.
|4 edt
|4 http://id.loc.gov/vocabulary/relators/edt
|
| 700 |
1 |
|
|a Tavares, João Manuel R.S.
|e editor.
|0 (orcid)0000-0001-7603-6526
|1 https://orcid.org/0000-0001-7603-6526
|4 edt
|4 http://id.loc.gov/vocabulary/relators/edt
|
| 710 |
2 |
|
|a SpringerLink (Online service)
|
| 773 |
0 |
|
|t Springer eBooks
|
| 776 |
0 |
8 |
|i Printed edition:
|z 9783030052874
|
| 776 |
0 |
8 |
|i Printed edition:
|z 9783030052898
|
| 830 |
|
0 |
|a Computer Communication Networks and Telecommunications ;
|v 11255
|
| 856 |
4 |
0 |
|u https://doi.org/10.1007/978-3-030-05288-1
|z Full Text via HEAL-Link
|
| 912 |
|
|
|a ZDB-2-SCS
|
| 912 |
|
|
|a ZDB-2-LNC
|
| 950 |
|
|
|a Computer Science (Springer-11645)
|